Scheduled castes : (Record no. 133977)

MARC details
000 -LEADER
fixed length control field 00848nam a22002537a 4500
005 - DATE AND TIME OF LATEST TRANSACTION
control field 20170124110218.0
010 ## - LIBRARY OF CONGRESS CONTROL NUMBER
LC control number A-823079
020 ## - INTERNATIONAL STANDARD BOOK NUMBER
Terms of availability 00.00
International Standard Book Number 8121003555
035 ## - SYSTEM CONTROL NUMBER
System control number A-823079
037 ## - SOURCE OF ACQUISITION
Source of stock number/acquisition Cen Lib/Ret
040 ## - CATALOGING SOURCE
Original cataloging agency DPL
Language of cataloging EN
082 ## - DEWEY DECIMAL CLASSIFICATION NUMBER
Classification number 305.56
Item number KHA
100 ## - MAIN ENTRY--PERSONAL NAME
Personal name Khan, M. Z.
9 (RLIN) 39459
245 ## - TITLE STATEMENT
Title Scheduled castes :
Statement of responsibility, etc by M. Z. Khan [and] Furqan Qamar
Remainder of title their socio-economic background and development aspirations /
246 ## - VARYING FORM OF TITLE
Remainder of title
260 ## - PUBLICATION, DISTRIBUTION, ETC. (IMPRINT)
Name of publisher, distributor, etc Inter-India Publications
Place of publication, distribution, etc New Delhi
Date of publication, distribution, etc 1996
270 ## - ADDRESS
City New Delhi
Postal code 110015
Address D-17, Raja Garden
300 ## - PHYSICAL DESCRIPTION
Extent 308p.
Dimensions 22cm(Hb)
500 ## - GENERAL NOTE
General note Includes index
650 ## - SUBJECT ADDED ENTRY--TOPICAL TERM
Topical term or geographic name as entry element India -- Scheduled tribes -- Social conditions
9 (RLIN) 12518
650 ## - SUBJECT ADDED ENTRY--TOPICAL TERM
Topical term or geographic name as entry element India -- Scheduled tribes -- Economic conditions
9 (RLIN) 39460
700 ## - ADDED ENTRY--PERSONAL NAME
Personal name Qamar, Furqan
9 (RLIN) 39430
942 ## - ADDED ENTRY ELEMENTS (KOHA)
Source of classification or shelving scheme Dewey Decimal Classification
Koha item type English Books
Classification part 305.56
Call number suffix KHA
Holdings
Withdrawn status Lost status Damaged status Not for loan Home library Current library Date acquired Source of acquisition Cost, normal purchase price Total Checkouts Full call number Barcode Date last seen Copy number Cost, replacement price Price effective from Koha item type
        Central Library Central Library 28/07/2015 Cen Lib/Ret 0.00   305.56 KHA A-823079 28/07/2015 1 0.00 28/07/2015 English Books

© Delhi Public Library
Hit Counter
free hit counter